000 00913nam a22002897a 4500
003 CHAP
005 20220329135026.0
008 971013s1954 r 00010 d
010 _a29746
011 _a30718
035 _a34830
040 _cCHAP
082 _a660.76
_bL48
100 0 0 _aLewis, Warren Kendall.
_966550
245 _aIndustrial stoichiometry
_b: chemical calculations of manufacturing process
250 _a2 ed.
260 _aNew York :
_bMcGraw-Hill,
_c1954
590 _aBATCH-UPD
_b10
_c20130110
_lUCH01
_h0310
590 _aBATCH-UPD
_b10
_c20130110
_lUCH01
_h1955
590 _aBATCH-UPD
_b10
_c20130409
_lUCH01
_h2342
590 _aBATCH-UPD
_b10
_c20130914
_lUCH01
_h1641
590 _aCONVERSION
_b10
_c20130109
_lUCH01
_h1317
650 1 4 _aIngenierĂ­a quĂ­mica.
_958271
901 _aBK
942 _cLIBRO
949 _a660.76 L48
_bBC
_cLIBRO
_d33724000130258
_eLIBRO
_h25211
_i34830
_si
_t125.00
999 _c29746
_d29746